|
|
|
|
| LEADER |
00792nam a2200229 a 4500 |
| 001 |
3597485 |
| 008 |
091105s1968 sz bp 000 0 eng d |
| 010 |
|
|
|a \\\68140840
|
| 020 |
|
|
|a 9221000826
|
| 040 |
|
|
|a DLC
|c DLC
|d DLC
|
| 082 |
0 |
0 |
|a 658.8/0077
|2 17
|
| 110 |
2 |
|
|a International Labour Office.
|
| 245 |
1 |
0 |
|a Creating a market.
|
| 260 |
|
|
|a Geneva,
|c 1968.
|
| 300 |
|
|
|a 180 p.
|c 24 cm.
|
| 490 |
0 |
|
|a An I.L.O. programmed book
|
| 504 |
|
|
|a Includes bibliographies.
|
| 541 |
1 |
|
|e 00000136
|
| 650 |
|
0 |
|a Marketing
|x Programmed instruction.
|
| 852 |
4 |
|
|a Ayesha Abed Library
|j General shelf
|
| 999 |
|
|
|c 7587
|d 7587
|
| 952 |
|
|
|0 0
|1 0
|2 ddc
|4 0
|6 658_800770000000000_CRE_1968
|7 0
|9 8250
|a BRACUL
|b BRACUL
|c GEN
|d 2010-02-17
|g 880.00
|l 1
|m 6
|o 658.80077 CRE
|p 3010000136
|q 2026-04-27
|r 2026-01-18
|s 2026-01-18
|t 1
|w 2010-02-17
|y BK
|